Ensayos para la capacitacion penal/ (Registro nro. 8175)

Detalles MARC
000 -LEADER
fixed length control field 00765nam a2200205Ia 4500
005 - FECHA Y HORA DE LA ÚLTIMA TRANSACCIÓN
control field 20230518150912.0
008 - FIXED-LENGTH DATA ELEMENTS--GENERAL INFORMATION
fixed length control field 230508s9999 xx 000 0 und d
020 ## - INTERNATIONAL STANDARD BOOK NUMBER
International Standard Book Number 9992384239
040 ## - CATALOGING SOURCE
Original cataloging agency UPAN
Transcribing agency Biblioteca San Vicente
Description conventions RCAA2
041 ## - LANGUAGE CODE
Language code of text/sound track or separate title spa
082 ## - DEWEY DECIMAL CLASSIFICATION NUMBER
Classification number 345
Item number S263e
100 ## - MAIN ENTRY--PERSONAL NAME
Personal name Sanchez, Carlos Ernesto
Relator code aut.
245 #0 - TITLE STATEMENT
Title Ensayos para la capacitacion penal/
Remainder of title Carlos Ernesto Sànchez
250 ## - EDITION STATEMENT
Edition statement 1° ed.
260 ## - PUBLICATION, DISTRIBUTION, ETC. (IMPRINT)
Place of publication, distribution, etc El Salvador:
Name of publisher, distributor, etc CNJ,
Date of publication, distribution, etc 2003
300 ## - PHYSICAL DESCRIPTION
Extent 350 p.:
Dimensions 23 cm.
505 ## - FORMATTED CONTENTS NOTE
Formatted contents note Parte I. Fundamentos de Derecho Penal<br/>Parte II. Temas de teorìa jurìdica del delito<br/>Parte III. Temas clave para una justicia penal eficaz<br/>Parte IV. Cuestiones de Derecho de ejecuciòn de penas y medidas
650 ## - SUBJECT ADDED ENTRY--TOPICAL TERM
Source of heading or term LEMB
Topical term or geographic name as entry element Derecho penal
942 ## - ADDED ENTRY ELEMENTS (KOHA)
Koha item type Libros
Source of classification or shelving scheme Dewey Decimal Classification
Existencias
Withdrawn status Lost status Source of classification or shelving scheme Damaged status Not for loan Collection code Home library Current library Date acquired Total Checkouts Full call number Barcode Date last seen Copy number Price effective from Koha item type
    Dewey Decimal Classification     Colección General Biblioteca UPAN San Vicente Biblioteca UPAN San Vicente 08/05/2023   345 S263e 12000716 08/05/2023 01 08/05/2023 Libros
    Dewey Decimal Classification     Colección General Biblioteca UPAN San Vicente Biblioteca UPAN San Vicente 08/05/2023   345 S263e 12000717 18/05/2023 02 08/05/2023 Libros
    Dewey Decimal Classification     Colección General Biblioteca UPAN San Vicente Biblioteca UPAN San Vicente 08/05/2023   345 S263e 12000715 18/05/2023 03 08/05/2023 Libros
    Dewey Decimal Classification     Colección General Biblioteca UPAN San Vicente Biblioteca UPAN San Vicente 08/05/2023   345 S263e 12000712 18/05/2023 04 08/05/2023 Libros
    Dewey Decimal Classification     Colección General Biblioteca UPAN San Vicente Biblioteca UPAN San Vicente 08/05/2023   345 S263e 12000713 18/05/2023 05 08/05/2023 Libros
    Dewey Decimal Classification     Colección General Biblioteca UPAN San Vicente Biblioteca UPAN San Vicente 08/05/2023   345 S263e 12000714 18/05/2023 06 08/05/2023 Libros